| 000 | 01072nam a2200241Ia 4500 | ||
|---|---|---|---|
| 003 | Ost | ||
| 005 | 20260416102351.0 | ||
| 008 | 260416s9999||||xx |||||||||||||| ||und|| | ||
| 040 | _cfsecg | ||
| 041 | _aara | ||
| 082 | _a658 | ||
| 100 |
_aصادقي، عبد الرحمان _eمؤلف |
||
| 245 | 0 |
_aمحاضرات في إدارة الأعمال / _c عبد الرحمان صادقي |
|
| 260 |
_aالجزائر _bجامعة الجزائر3: كلية العلوم الإقتصادية، العلوم التجارية وعلوم التسيير _c2016 |
||
| 300 |
_a102 ورقة _bايضاحات _c30 سم |
||
| 504 | _aمراجع ص.99 | ||
| 520 | _aالادارة ووظائفها، المدارس الادارية، المنظمة ووظائفها، التسيير والمسير. | ||
| 653 | _aادارة الاعمال | ||
| 653 | _aالادارة | ||
| 653 | _aالتخطيط | ||
| 710 |
_aجامعة الجزائر3: كلية العلوم الإقتصادية، العلوم التجارية وعلوم التسيير _eناشر علمي |
||
| 942 | _cHANDOUT | ||
| 999 |
_c41012 _d41012 |
||